01002nam a2200193 4500001000700000003000900007007000300016008004100019100004700060245010700107260008000214300002200294490012100316710007000437830012900507852003200636999001900668952012100687148604ES-MaACLt|070214s1982 sp r ||||1| spa d1 aSuárez Alvarez, María Jesús.910858513aLa villa de Talavera y su tierra en la Edad Media b: (1369-1504) /cMaría Jesús Suárez Alvarez. aOviedo : bUniversidad de Oviedo. Departamento de Historia Medieval,c1982. a438 p. ; c25 cm.1 aUniversidad de Oviedo. Departamento de Historia Medieval. Publicaciones del departamento de Historia Medieval ; v102 aUniversidad de Oviedo. bDepartamento de Historia Medieval.972630 aUniversidad de Oviedo. Departamento de Historia Medieval. Publicaciones del departamento de Historia Medieval ; v109221027 aES-MaACLjL-6512 bR.106685 c148604d148604 00104070aATENEOMbATENEOMcDEPO2d2008-01-17eSCl0oL-6512p1155077r2023-02-23 00:00:00w2023-02-23yMONOGRAFIA